000 00800nam a22002175i 4500
001 165696
003 ES-MaACL
005 20230906213205.0
008 050901s1878 gw | |||||||| ||ger d
040 _aCAM
_bspa
_cCAM
100 1 _aSpielhagen, Friedrich.
_9132865
245 1 0 _aStormflut
_b: romance /
_cvon Friedrich Spielhagen.
250 _a4 Aufl.
260 _aLeipzig :
_bVerlag von L. Staackmann,
_c1878 (
_fDruck von Grimme & Trömel)
300 _a2 v. (377; 460 p. ) ;
_c19 cm.
490 1 _aFriedrich Spielhagen's Sämmtliche Werke ;
_v13; 14
752 _aAlemania -
_dLeipzig
830 0 _aFriedrich Spielhagen's Sämmtliche Werke ;
_v13; 14
_9222487
852 _aES-MaACL
_jD-2590 y D-5184
_z-- Rúst. muy deteriorada
_z-- Legado de M. de la Fuente
999 _c165696
_d165696